000 01193naa a22003137a 4500
001 BR8005119
003 BR-BrBNA
005 20240918174646.0
007 ta
008 230509b bl.||||| |||| 00| 0 por d
040 _aBR-BrBNA
_bpor
_cBiblioteca Nacional de Agricultura
041 _a(Pt)
072 _aF30; K10
_b3103
_b3575
_bG514
090 _aF30 BR8005119
100 1 _aKageyama, P.Y.
100 1 _aJacob, W.S.
111 1 _a1. Encontro da IUFRO
_cCuritiba, PR (Brazil)
_d21 Oct 1979
245 1 _aVariacao genetica entre e dentro de populacoes de Araucaria Angustifolia (Bert.)O. Ktze [Pinheiro-do-Parana, comportamento de variedade, progenie, variacao clonal, semente, plantio, Brasil]
260 3 _aCuritiba, PR (Brasil):
_c1980.
500 _aProblemas Florestais do Genero Araucaria Curitiba, PR (Brasil): 1980. p. 83-86 (BR8005119-AM)F30
650 _aPINHEIRO-DO-PARANA
650 _aSEMENTE
650 _aCOMPORTAMENTO DE VARIEDADE
650 _aVARIACAO CLONAL
650 _aPLANTIO
773 0 _tProblemas Florestais do Genero Araucaria
_wF30 BR8005119
_gCuritiba, PR (Brasil), 1980. p. 83-86
909 _a202404
_bLucia
_c55
_dLucia Elande
942 _cAM
_2AGRIS
999 _c312661
_d312661